| 000 | 00937cad a22002175a 4500 | ||
|---|---|---|---|
| 001 | L153392 | ||
| 008 | 110720s2011 xxk f 000 0 eng d | ||
| 035 | _a(Sirsi) u153392 | ||
| 041 | 0 | _aeng | |
| 110 | 2 |
_aConsortium of European Building Control _94744 |
|
| 245 | 0 | 0 |
_aConsortium of European Building Control _h[electronic resource] |
| 260 |
_a[S.l.] _bCEBC _c2011 |
||
| 520 | _aThe Consortium of European Building Control or CEBC is based on the Directives and Regulations issued by the European Union concerning all topics related to buildings, building products, building standards, professions or regulations about professions. RICS is a member organisation. | ||
| 590 | _aKA NTK | ||
| 651 | 4 | _aEurope | |
| 651 | 4 |
_aUnited Kingdom _y |
|
| 690 |
_aBuilding regulations _96224 |
||
| 690 | _aBUILT ENVIRONMENT-BUILDING STANDARDS | ||
| 856 | 4 | 0 |
_uhttps://www.cebc.eu/ _zView the website free of charge at www.cebc.eu |
| 942 | _n0 | ||
| 999 |
_c120920 _d120920 |
||